عرض عادي
عرض مارك
- Shulman, Robert,
مدخل إسم شخص
001 - رقم الضبط
- حقل الضبط: 6983
003 - معرف رقم الضبط
- حقل الضبط: OSt
005 - تاريخ ووقت أخر عملية
- حقل الضبط: 20111204082937.0
008 - عناصر بيانات ثابتة الطول
- حقل تحكم ثابت الطول: 111204|||a|||||| | ||| d
040 ## - مصدر الفهرسة
- هيئة الفهرسة الأصلية: OSt
- وكالة الكتابة: OSt
100 ## - مدخل -- أسم شخص
- إسم شخص: Shulman, Robert,
- تواريخ مرتبطة بالاسم: 1930-
670 ## - بيانات المصدر موجوده
- الاستشهاد بالمصدر: Work cat.: (OSt)0: Gilman, Charlotte Perkins, 1860-1935. 6979, The yellow wall-paper and other stories /, [2009]
